[Event "Liga CS Istok 2017"]
[Site "Zaječar, Hotel "]
[Date "2017.10.13"]
[Round "7.1"]
[White "Radenkovic, Dragan"]
[Black "Milenkovic, Mladen"]
[Result "0-1"]
[WhiteElo "2150"]
[BlackElo "2335"]
[PlyCount "86"]
[EventDate "2017.09.03"]

1. d4 Nf6 2. Nf3 c5 3. g3 cxd4 4. Nxd4 e5 5. Nf3 Nc6 6. Bg2 d5 7. O-O Be7 8. b3
O-O 9. Bb2 Qc7 10. Nbd2 Rd8 11. c3 Bf5 12. Nh4 Be6 13. Nhf3 Rac8 14. e3 Qd7 15.
Ne1 Bh3 16. Rc1 e4 17. f3 Bc5 18. Nc2 Ne5 19. c4 Bxg2 20. Kxg2 dxc4 21. Bxe5
Qxd2+ 22. Kh3 Qxd1 23. Rcxd1 Rxd1 24. Rxd1 cxb3 25. axb3 exf3 26. Bxf6 gxf6 27.
Rf1 Bb6 28. Nb4 Rc3 29. Nd5 Rxb3 30. Rxf3 Kg7 31. Ne7 a5 32. Nf5+ Kf8 33. Rf1
a4 34. Rc1 Ke8 35. Rc4 a3 36. Ra4 Kd7 37. e4 Bc5 38. Kg4 Rb6 39. Nd4 Bxd4 40.
Rxd4+ Ke6 41. Rd1 a2 42. Ra1 Rb2 43. h4 b5 0-1

[Event "Liga CS Istok 2017"]
[Site "Zaječar, Hotel "]
[Date "2017.10.13"]
[Round "7.1"]
[White "Zivkovic, Momcilo"]
[Black "Klcesko, Nebojsa"]
[Result "1/2-1/2"]
[WhiteElo "2047"]
[BlackElo "2014"]
[PlyCount "57"]
[EventDate "2017.09.03"]

1. e4 c6 2. d4 d5 3. exd5 cxd5 4. Nf3 e6 5. Ne5 a6 6. Bd3 Nf6 7. O-O Be7 8. c3
Nbd7 9. f4 Qb6 10. a4 O-O 11. a5 Qc7 12. Nd2 b5 13. axb6 Nxb6 14. Qe2 a5 15.
Re1 Bd6 16. g4 a4 17. g5 Bxe5 18. fxe5 Ne8 19. Qh5 f5 20. gxf6 gxf6 21. Nf3 Kh8
22. Bf4 Qf7 23. Qxf7 Rxf7 24. Kf2 f5 25. Rg1 Rg7 26. Rxg7 Nxg7 27. Bg5 Nd7 28.
Bd8 Rb8 29. Ra2 1/2-1/2

[Event "Liga CS Istok 2017"]
[Site "Zaječar, Hotel "]
[Date "2017.10.13"]
[Round "7.1"]
[White "Ninic, Dragoslav"]
[Black "Desic, Zoran"]
[Result "1-0"]
[WhiteElo "2013"]
[BlackElo "2001"]
[PlyCount "109"]
[EventDate "2017.09.03"]

1. Nf3 Nf6 2. c4 g6 3. Nc3 Bg7 4. d4 O-O 5. e4 d6 6. Be2 Bg4 7. Bg5 c6 8. Qc2
Qa5 9. Qd2 Nbd7 10. a3 c5 11. Be3 Rad8 12. h3 Bxf3 13. Bxf3 Nb6 14. b3 Nfd7 15.
O-O cxd4 16. Bxd4 Ne5 17. Be2 Nbd7 18. f4 Nc6 19. Bxg7 Kxg7 20. b4 Qb6+ 21. Rf2
Nf6 22. Rd1 e5 23. f5 a6 24. Qg5 a5 25. Qxf6+ Kxf6 26. Nd5+ Kg7 27. f6+ Kg8 28.
Nxb6 axb4 29. axb4 Nxb4 30. Bg4 h5 31. Bd7 Na6 32. Rxd6 Nc5 33. Re2 Ne6 34. Kf2
Kh7 35. Red2 Nd4 36. g4 h4 37. Ke3 Kh6 38. R2xd4 exd4+ 39. Kxd4 Kg5 40. Ke5 Rh8
41. c5 Rhf8 42. Bb5 Rb8 43. Rd7 Rfe8+ 44. Re7 Red8 45. Rxf7 Rf8 46. Ke6 Rfd8
47. e5 Rd4 48. Re7 Rb4 49. Re8 Rxb5 50. Rxb8 Rxc5 51. f7 Rc3 52. Rxb7 Rf3 53.
Nd5 Ra3 54. f8=Q Ra6+ 55. Qd6 1-0

[Event "Liga CS Istok 2017"]
[Site "Zaječar, Hotel "]
[Date "2017.10.13"]
[Round "7.1"]
[White "Zarkovic, Milos**"]
[Black "Radovanovic, Danko"]
[Result "0-1"]
[WhiteElo "1803"]
[BlackElo "1826"]
[PlyCount "118"]
[EventDate "2017.09.03"]

1. d4 d5 2. c4 c6 3. Nc3 Nf6 4. Nf3 dxc4 5. a4 Bf5 6. e3 e6 7. Bxc4 Bb4 8. O-O
O-O 9. Qb3 Qe7 10. h3 h6 11. Rd1 a5 12. Ne5 Nbd7 13. Nd3 Nb6 14. Na2 Nxc4 15.
Naxb4 Nd6 16. Na2 Bxd3 17. Qxd3 Rfd8 18. Nc3 Nd5 19. Nxd5 cxd5 20. b3 Rdc8 21.
Ba3 Qd7 22. Rac1 b6 23. f3 Ne8 24. Qd2 Rxc1 25. Rxc1 Rc8 26. Rc3 f6 27. Qc2
Rxc3 28. Qxc3 Kf7 29. Kf2 Nd6 30. Qc2 Ne8 31. h4 f5 32. g3 Nf6 33. Kg2 g5 34.
hxg5 hxg5 35. b4 axb4 36. Bxb4 g4 37. fxg4 Nxg4 38. Kf3 Kg6 39. Ba3 Qh7 40. Ke2
Qh2+ 41. Kd3 Nf2+ 42. Kc3 Qxg3 43. Qe2 Qc7+ 44. Kb2 Ne4 45. Bb4 Nd6 46. Qg2+
Kf7 47. Qh3 Nc4+ 48. Ka2 Kg6 49. Bf8 Qh7 50. Qxh7+ Kxh7 51. Kb3 Nxe3 52. Bd6
Nc4 53. Bc7 Kg7 54. Kc3 Kf7 55. Bf4 Ke7 56. Kb4 Kd7 57. Kb5 Nb2 58. Ka6 Nxa4
59. Kb5 Nb2 0-1

[Event "Liga CS Istok 2017"]
[Site "Zaječar, Hotel "]
[Date "2017.10.13"]
[Round "7.1"]
[White "Kujic, Goran"]
[Black "Stevic, Dragan"]
[Result "0-1"]
[WhiteElo "1848"]
[BlackElo "1821"]
[PlyCount "70"]
[EventDate "2017.09.03"]

1. e4 e6 2. d4 d5 3. exd5 exd5 4. Nf3 Nf6 5. Bd3 Bd6 6. O-O O-O 7. Ne5 c5 8. c3
Nc6 9. f4 cxd4 10. cxd4 Nxd4 11. Bxh7+ Kxh7 12. Qxd4 Ne4 13. Be3 Bc5 14. Qd3
Qb6 15. Bxc5 Qxc5+ 16. Kh1 Bf5 17. Qe2 Kg8 18. g4 Bc8 19. Na3 b6 20. Rac1 Qe7
21. g5 Bb7 22. Kg1 Rac8 23. Nb5 Ba6 24. a4 Qb4 25. Nc6 Rxc6 26. Rxc6 Qxa4 27.
Qh5 Bxb5 28. Rfc1 Qd4+ 29. Kh1 Bf1 30. Rxf1 Qxb2 31. f5 Nf2+ 32. Kg1 Nd3 33. f6
Qd4+ 34. Kh1 Qe4+ 35. Kg1 Nf4 0-1

[Event "Liga CS Istok 2017"]
[Site "Zaječar, Hotel "]
[Date "2017.10.13"]
[Round "7.1"]
[White "Dragojevic, Leon*"]
[Black "Dimitrijevic, Zoran S"]
[Result "1/2-1/2"]
[WhiteElo "1897"]
[BlackElo "1654"]
[PlyCount "135"]
[EventDate "2017.09.03"]

1. e4 c5 2. d4 cxd4 3. c3 dxc3 4. Nxc3 d6 5. Nf3 Nc6 6. Bc4 e6 7. O-O a6 8. Qe2
Be7 9. Rd1 b5 10. Bb3 Bb7 11. Be3 Na5 12. Bc2 Nc4 13. Bb3 Na5 14. Nd4 Nxb3 15.
axb3 e5 16. Nf5 g6 17. Ng3 Nf6 18. Bh6 Bf8 19. Bxf8 Kxf8 20. Qd2 Kg7 21. Qg5
Bc8 22. Nxb5 h6 23. Qc1 Ne8 24. Nxd6 Nxd6 25. Qc6 Bb7 26. Qc5 Re8 27. Rxd6 Qe7
28. Rad1 Rac8 29. Qb6 Rc7 30. h4 Rec8 31. h5 Rc6 32. Rxc6 Rxc6 33. Qe3 Qg5 34.
Qxg5 hxg5 35. hxg6 Kxg6 36. Nf5 Rb6 37. Rd6+ Rxd6 38. Nxd6 Bc6 39. f3 Kf6 40.
Kf2 Ke6 41. Nc4 g4 42. Ke3 gxf3 43. gxf3 f5 44. exf5+ Kxf5 45. b4 Bd5 46. Na3
Bc6 47. Nc4 Bd5 48. Nd6+ Ke6 49. Ne4 Bc4 50. Nc3 Kf5 51. Ne4 Ke6 52. b3 Bf1 53.
Kd2 Kd5 54. Kc3 Be2 55. Ng5 Kc6 56. Nf7 Kd5 57. Ng5 Kc6 58. Kd2 Bf1 59. Ke3 Kb5
60. Ke4 Kxb4 61. Kxe5 Kxb3 62. Ne4 Kb4 63. f4 Bh3 64. Kd4 a5 65. Nc3 Bf5 66.
Nd5+ Kb5 67. Kc3 a4 68. Kb2 1/2-1/2

[Event "Liga CS Istok 2017"]
[Site "Zaječar, Hotel "]
[Date "2017.10.13"]
[Round "7.1"]
[White "Licic, Nenad*"]
[Black "Arsic, Novica"]
[Result "0-1"]
[WhiteElo "1723"]
[BlackElo "1883"]
[PlyCount "89"]
[EventDate "2017.09.03"]

1. c4 Nf6 2. Nc3 g6 3. g3 Bg7 4. Bg2 c6 5. e3 d5 6. b3 O-O 7. Nge2 e5 8. d4
exd4 9. exd4 Bg4 10. h3 Bxe2 11. Nxe2 Re8 12. O-O Ne4 13. Bxe4 Rxe4 14. Bb2
dxc4 15. bxc4 c5 16. Qd3 Re7 17. Rfd1 cxd4 18. Nf4 Nc6 19. Ba3 Rd7 20. Nd5 Ne5
21. Qb3 Kh8 22. Nf4 d3 23. Rab1 Qc7 24. Rbc1 Rad8 25. Bb2 Nf3+ 26. Kh1 d2 27.
Bxg7+ Kxg7 28. Qc3+ Kg8 29. Rc2 Qc6 30. Nd5 Rxd5 31. cxd5 Qxd5 32. Qe3 Rd6 33.
Rc8+ Kg7 34. Qc3+ Nd4+ 35. Kg1 Re6 36. Rc5 Re1+ 37. Rxe1 dxe1=Q+ 38. Qxe1 Qxc5
39. Qe3 Ne6 40. Qb3 b5 41. Qb2+ Kg8 42. h4 h5 43. Kg2 b4 44. Qd2 a5 45. g4 0-1

[Event "Liga CS Istok 2017"]
[Site "Zaječar, Hotel "]
[Date "2017.10.13"]
[Round "7.1"]
[White "Jovkic, Nikola"]
[Black "Stojkovic, Dusan**"]
[Result "1-0"]
[WhiteElo "1744"]
[BlackElo "1605"]
[PlyCount "55"]
[EventDate "2017.09.03"]

1. e4 d5 2. exd5 Qxd5 3. Nc3 Qa5 4. Bc4 Nf6 5. h3 Bf5 6. d3 e6 7. Nf3 Be7 8.
Bd2 c6 9. Nd5 Qd8 10. Nxe7 Qxe7 11. a4 Nbd7 12. O-O O-O 13. Re1 h6 14. b4 Nb6
15. Bb3 Nbd5 16. b5 cxb5 17. axb5 Rfd8 18. Qe2 Qd7 19. Reb1 Nc7 20. Ba4 Qc8 21.
Qe5 Nfd5 22. Qg3 Nb6 23. Bxh6 Ne8 24. Bb3 Bg6 25. Bg5 Rd7 26. Ne5 f6 27. Bxe6+
Bf7 28. Nxf7 1-0

[Event "Liga CS Istok 2017"]
[Site "Zaječar, Hotel "]
[Date "2017.10.13"]
[Round "7.3"]
[White "Tosic, Branislav"]
[Black "Milojevic, Boban"]
[Result "1-0"]
[WhiteElo "2208"]
[BlackElo "1963"]
[PlyCount "126"]
[EventDate "2017.09.03"]

1. d4 d5 2. Nf3 Bf5 3. c4 e6 4. Nc3 Nf6 5. Bg5 Be7 6. Bxf6 Bxf6 7. cxd5 exd5 8.
Qb3 Bc8 9. Qxd5 O-O 10. Qxd8 Rxd8 11. e3 a6 12. Bc4 Nd7 13. O-O-O Nb6 14. Bb3
Bg4 15. Ne4 Be7 16. Bxf7+ Kh8 17. Bb3 Rf8 18. Ned2 a5 19. a3 c6 20. h3 Bh5 21.
Rhf1 a4 22. Ba2 Nd5 23. g4 Bg6 24. Bb1 Bxb1 25. Kxb1 b5 26. Ne5 b4 27. Nxc6 Bh4
28. Nxb4 Nxb4 29. axb4 Rfb8 30. Ka2 Rxb4 31. Rc1 Rab8 32. Rc2 h6 33. Nf3 Be7
34. Ne5 R8b7 35. Nc6 R4b6 36. Nxe7 Rxe7 37. d5 Rb3 38. d6 Rd7 39. Rd1 Rb8 40.
Rc7 Rdd8 41. d7 Kh7 42. Rd4 Ra8 43. Ka3 Kg6 44. h4 Kf6 45. Rxa4 Rxa4+ 46. Kxa4
Ke6 47. b4 Kd6 48. Ra7 Kc6 49. Ka5 Rb8 50. f4 Rb5+ 51. Ka4 Rd5 52. d8=Q Rxd8
53. Rxg7 Ra8+ 54. Kb3 Re8 55. Rh7 Rxe3+ 56. Ka4 Re6 57. g5 hxg5 58. hxg5 Re1
59. Rh6+ Kb7 60. Rg6 Ra1+ 61. Kb5 Rd1 62. Rg7+ Kc8 63. g6 Rd7 1-0

[Event "Liga CS Istok 2017"]
[Site "Zaječar, Hotel "]
[Date "2017.10.13"]
[Round "7.3"]
[White "Djordjevic, Zoran V"]
[Black "Trailovic, Mile"]
[Result "1-0"]
[WhiteElo "2051"]
[BlackElo "2094"]
[PlyCount "67"]
[EventDate "2017.09.03"]

1. d4 Nf6 2. c4 e6 3. Nc3 d5 4. cxd5 exd5 5. Bg5 Be7 6. e3 c6 7. Bd3 Nbd7 8.
Nf3 h6 9. Bh4 g5 10. Bg3 Nh5 11. Be5 Nxe5 12. Nxe5 Ng7 13. Qc2 Be6 14. O-O Bd6
15. f4 f6 16. Bg6+ Ke7 17. Nd3 b6 18. Rad1 Rc8 19. e4 dxe4 20. Nxe4 f5 21. Nxd6
Qxd6 22. Ne5 Rhf8 23. fxg5 hxg5 24. Qd2 f4 25. Be4 Rf6 26. Rfe1 Kf8 27. b3 Bf5
28. Nc4 Qd7 29. d5 Bxe4 30. Rxe4 b5 31. Qd4 Rf5 32. Ne5 Rxe5 33. Qxe5 cxd5 34.
Qxg5 1-0

[Event "Liga CS Istok 2017"]
[Site "Zaječar, Hotel "]
[Date "2017.10.13"]
[Round "7.3"]
[White "Vlajic, Sasa"]
[Black "Antic, Mile"]
[Result "1-0"]
[WhiteElo "2147"]
[BlackElo "1772"]
[PlyCount "43"]
[EventDate "2017.09.03"]

1. Nf3 f5 2. e4 fxe4 3. Ng5 Nf6 4. d3 e5 5. dxe4 h6 6. Nf3 Bc5 7. Bc4 d6 8. O-O
Bg4 9. Nc3 c6 10. h3 Bh5 11. a4 a5 12. Qd3 Qe7 13. Nh4 Bf7 14. Nf5 Bxc4 15.
Qxc4 Qf7 16. Qd3 d5 17. exd5 Nxd5 18. Nxd5 Qxd5 19. Qg3 g5 20. c4 Qe4 21. Be3
Bxe3 22. Nd6+ 1-0

[Event "Liga CS Istok 2017"]
[Site "Zaječar, Hotel "]
[Date "2017.10.13"]
[Round "7.3"]
[White "Vasic, Milovan"]
[Black "Mitrovic, Darko A"]
[Result "0-1"]
[WhiteElo "1660"]
[BlackElo "2076"]
[PlyCount "57"]
[EventDate "2017.09.03"]

1. e4 c5 2. Nf3 e6 3. d4 cxd4 4. Nxd4 a6 5. c4 Nf6 6. Bd3 Nc6 7. Nxc6 bxc6 8.
O-O Qc7 9. Be3 Be7 10. Nc3 O-O 11. f3 Rb8 12. b3 Rd8 13. Qc2 d5 14. cxd5 cxd5
15. exd5 Bb4 16. Ne4 Nxd5 17. Qxc7 Nxc7 18. Bc4 Bb7 19. Rfd1 Nd5 20. Bxd5 Bxd5
21. Rac1 Rbc8 22. Rxc8 Rxc8 23. Rc1 Rxc1+ 24. Bxc1 f5 25. Nd2 Bc5+ 26. Kf1 Bd4
27. Nc4 Kf7 28. Ke2 e5 29. Bb2 0-1

[Event "Liga CS Istok 2017"]
[Site "Zaječar, Hotel "]
[Date "2017.10.13"]
[Round "7.3"]
[White "Zivkovic, Toplica"]
[Black "Tuovic, Milos"]
[Result "1/2-1/2"]
[WhiteElo "1942"]
[BlackElo "1699"]
[PlyCount "61"]
[EventDate "2017.09.03"]

1. d4 Nf6 2. c4 g6 3. Nc3 Bg7 4. e4 d6 5. f4 Bg4 6. Be2 Bxe2 7. Qxe2 e6 8. Nf3
O-O 9. O-O Nc6 10. d5 Ne7 11. Bd2 h6 12. Rae1 Nd7 13. a3 e5 14. fxe5 Nxe5 15.
Nxe5 dxe5 16. Rf3 Kh7 17. Ref1 f5 18. exf5 gxf5 19. Rh3 Qe8 20. Rff3 Ng8 21.
Rfg3 Qf7 22. Rh4 Rad8 23. Rgh3 Rd6 24. b3 a6 25. b4 c6 26. dxc6 Rxc6 27. Nd5
Rd8 28. Be3 Rcd6 29. Bc5 R6d7 30. Qc2 b5 31. Rh5 1/2-1/2

[Event "Liga CS Istok 2017"]
[Site "Zaječar, Hotel "]
[Date "2017.10.13"]
[Round "7.3"]
[White "Miskovic, Lazar**"]
[Black "Radulovic, Sasa"]
[Result "1/2-1/2"]
[WhiteElo "1738"]
[BlackElo "1900"]
[PlyCount "67"]
[EventDate "2017.09.03"]

1. e4 c6 2. d4 d5 3. Bd3 dxe4 4. Bxe4 Nf6 5. Bf3 Bf5 6. Ne2 e6 7. c3 Bd6 8. Nd2
Qc7 9. O-O Bxh2+ 10. Kh1 Bd6 11. c4 Nbd7 12. c5 Be7 13. Nc4 O-O 14. Nf4 Rad8
15. g4 Be4 16. g5 Bxf3+ 17. Qxf3 Nd5 18. Nh5 b5 19. Ne3 Nxe3 20. Bxe3 e5 21.
Rae1 Rfe8 22. Kg2 Bf8 23. Rh1 Re6 24. Qh3 h6 25. f4 exd4 26. Bxd4 Rxe1 27. Rxe1
Nxc5 28. Be5 Rd2+ 29. Kh1 Qd7 30. Qxd7 Rxd7 31. gxh6 Nd3 32. hxg7 Be7 33. Re2
Nxe5 34. fxe5 1/2-1/2

[Event "Liga CS Istok 2017"]
[Site "Zaječar, Hotel "]
[Date "2017.10.13"]
[Round "7.4"]
[White "Zlatanovic, Zoran"]
[Black "Garic, Radomir"]
[Result "0-1"]
[WhiteElo "2071"]
[BlackElo "2264"]
[PlyCount "54"]
[EventDate "2017.09.03"]

1. e4 c5 2. Nf3 Nc6 3. d4 cxd4 4. Nxd4 Qc7 5. Nc3 e6 6. g3 a6 7. Bg2 Nf6 8. O-O
h5 9. Nxc6 dxc6 10. h4 e5 11. a4 a5 12. Qe2 Bg4 13. Bf3 Bc5 14. Be3 Qb6 15.
Bxc5 Qxc5 16. Rad1 O-O 17. Rd3 Rad8 18. Rfd1 Rd4 19. Bxg4 Nxg4 20. Rf3 Rfd8 21.
Rxd4 exd4 22. Nd1 Re8 23. Rd3 f5 24. f3 Ne5 25. exf5 Re7 26. Rd2 d3+ 27. Qf2
Nxf3+ 0-1

[Event "Liga CS Istok 2017"]
[Site "Zaječar, Hotel "]
[Date "2017.10.13"]
[Round "7.4"]
[White "Milunovic, Toni"]
[Black "Kalcic, Krsta"]
[Result "1-0"]
[WhiteElo "2269"]
[BlackElo "2136"]
[PlyCount "39"]
[EventDate "2017.09.03"]

1. d4 Nf6 2. c4 c5 3. Nf3 cxd4 4. Nxd4 Nc6 5. g3 g6 6. Bg2 Bg7 7. O-O O-O 8.
Nc3 Ne4 9. Nxc6 Nxc3 10. Nxe7+ Qxe7 11. bxc3 Bxc3 12. Rb1 Re8 13. Rb3 Bb4 14.
Re3 Qf8 15. Rxe8 Qxe8 16. Qd4 Qxe2 17. Bb2 Kf8 18. Bd5 Ke8 19. Qh8+ Bf8 20. Bc3
1-0

[Event "Liga CS Istok 2017"]
[Site "Zaječar, Hotel "]
[Date "2017.10.13"]
[Round "7.4"]
[White "Rajkovic, Branislav"]
[Black "Lazic, Milan Z"]
[Result "1-0"]
[WhiteElo "2083"]
[BlackElo "2050"]
[PlyCount "103"]
[EventDate "2017.09.03"]

1. e4 c6 2. c4 d6 3. d4 Qc7 4. Nf3 Bg4 5. Bd3 e5 6. Be3 Nf6 7. Nbd2 Be7 8. h3
Bh5 9. O-O Nbd7 10. d5 O-O 11. Qb1 a5 12. Nh4 Rfc8 13. Nf5 Bf8 14. b3 Nc5 15.
Bxc5 dxc5 16. Ne3 Rd8 17. a4 Qd7 18. f3 Bg6 19. Ng4 Nxg4 20. fxg4 f6 21. Nf3
Be8 22. g5 Qd6 23. gxf6 Qxf6 24. Nd4 Qg6 25. Nf5 Qh5 26. Ra2 g6 27. Ne3 Bd7 28.
Be2 Qg5 29. Rf3 Bg7 30. Qe1 Rf8 31. Qg3 Qxg3 32. Rxg3 Bh6 33. Ng4 Bf4 34. Rc3
h5 35. Nf2 b6 36. Bf3 Kg7 37. g4 Kh6 38. Kg2 Kg5 39. Re2 Rf7 40. Rd3 Raf8 41.
Re1 Kh4 42. Re2 Bc1 43. Nd1 Bf4 44. Nc3 hxg4 45. Bxg4 Bxg4 46. hxg4 Rd8 47. Rf2
Rff8 48. Rh3+ Kg5 49. dxc6 Rh8 50. Rxh8 Rxh8 51. Nd5 Rc8 52. c7 1-0

[Event "Liga CS Istok 2017"]
[Site "Zaječar, Hotel "]
[Date "2017.10.13"]
[Round "7.4"]
[White "Simic, Petar S**"]
[Black "Colic, Ninoslav"]
[Result "1/2-1/2"]
[WhiteElo "2000"]
[BlackElo "2100"]
[PlyCount "89"]
[EventDate "2017.09.03"]

1. d4 d5 2. c4 e6 3. Nf3 Nf6 4. cxd5 exd5 5. Bg5 Be7 6. Nc3 c6 7. Qc2 O-O 8. e3
Nbd7 9. Bd3 Re8 10. O-O Nf8 11. Rab1 Be6 12. Ne5 N6d7 13. Bxe7 Qxe7 14. f4 f6
15. Nf3 Bf7 16. Rbe1 Qd6 17. Nh4 g6 18. Kh1 c5 19. dxc5 Qxc5 20. e4 dxe4 21.
Bxe4 Rab8 22. Rd1 Nb6 23. Nf3 Kg7 24. Rfe1 Re7 25. Qc1 Rbe8 26. f5 a6 27. Nd4
Nc4 28. Nb3 Qe5 29. Re2 Qc7 30. fxg6 hxg6 31. Nd4 Nd6 32. Bf3 Rxe2 33. Ndxe2
Qe7 34. Qf4 Nc4 35. b3 Ne5 36. Bd5 Ne6 37. Qg3 Rd8 38. Rf1 Ng5 39. Bxf7 Ngxf7
40. Nf4 Qd7 41. Nh5+ Kf8 42. Nxf6 Qd3 43. Qe1 Qd2 44. Qa1 Qc2 45. Nce4 1/2-1/2

[Event "Liga CS Istok 2017"]
[Site "Zaječar, Hotel "]
[Date "2017.10.13"]
[Round "7.4"]
[White "Stojanovic, Sreten"]
[Black "Brankovan, Mario"]
[Result "1-0"]
[WhiteElo "2065"]
[BlackElo "1877"]
[PlyCount "143"]
[EventDate "2017.09.03"]

1. e4 d6 2. d4 c6 3. c3 Qc7 4. Nf3 h6 5. Bc4 e5 6. Qb3 b5 7. Bd3 Nf6 8. Nbd2 a6
9. a4 Bb7 10. axb5 axb5 11. Rxa8 Bxa8 12. c4 exd4 13. cxb5 c5 14. O-O Be7 15.
b6 Qb7 16. Nc4 Nfd7 17. Bf4 O-O 18. Ra1 Nc6 19. Bxd6 Bxd6 20. Nxd6 Qxb6 21. Qa3
Nb4 22. Nc4 Qe6 23. Nxd4 Qf6 24. Nf3 Qf4 25. Re1 Bc6 26. Bb1 Ra8 27. Qc3 Re8
28. Qe3 Qxe3 29. Rxe3 Nf6 30. Nfd2 Rd8 31. Re1 Nd3 32. Bxd3 Rxd3 33. f3 Bb5 34.
Rc1 Nh5 35. Rc3 Rd4 36. g3 g5 37. Kf2 Ng7 38. Ke3 f5 39. Na3 f4+ 40. gxf4 gxf4+
41. Kxf4 Rxd2 42. Nxb5 Rxb2 43. Nc7 Rb7 44. Na6 Rb5 45. Nc7 Rb7 46. Nd5 Kf7 47.
Ke5 Rb5 48. f4 Ne8 49. Ra3 c4 50. Ra7+ Kf8 51. Ra8 Rc5 52. Kd4 Rc6 53. e5 Kf7
54. f5 Ng7 55. Ra7+ Kf8 56. f6 Ne6+ 57. Kc3 Ng5 58. Ne7 Re6 59. Ng6+ Ke8 60. h4
Ne4+ 61. Kxc4 Nxf6 62. exf6 Rxf6 63. Rg7 Rf5 64. Kd4 Ra5 65. Ke4 Ra4+ 66. Kf5
Ra5+ 67. Ne5 Ra4 68. h5 Kf8 69. Rg6 Ra5 70. Rxh6 Kg7 71. Re6 Ra4 72. Kg5 1-0

[Event "Liga CS Istok 2017"]
[Site "Zaječar, Hotel "]
[Date "2017.10.13"]
[Round "7.4"]
[White "Agai, Dzabir"]
[Black "Laban, Dragan"]
[Result "0-1"]
[WhiteElo "1831"]
[BlackElo "1608"]
[PlyCount "136"]
[EventDate "2017.09.03"]

1. d4 Nf6 2. Nf3 d5 3. c4 Bf5 4. Nc3 e6 5. cxd5 exd5 6. Bg5 c6 7. Nh4 Be6 8. g3
Nbd7 9. Bg2 h6 10. Bd2 Be7 11. Qc2 Nb6 12. b3 Qd7 13. Nf3 Bf5 14. Qc1 Rc8 15.
O-O O-O 16. Ne5 Qe6 17. Qb2 Rfd8 18. Rfe1 Ne4 19. Nd3 Nxd2 20. Qxd2 Nd7 21.
Rac1 Bf6 22. Nf4 Qd6 23. e4 dxe4 24. Bxe4 Bxe4 25. Nxe4 Qxd4 26. Nxf6+ Nxf6 27.
Qa5 Ne4 28. Nh3 Nd2 29. Re3 Rd5 30. Qa3 Qg4 31. Nf4 Rf5 32. h3 Qg5 33. Kh2 Rb5
34. Qb2 Rd8 35. Rce1 Qc5 36. Re8+ Kh7 37. Kg2 Qd4 38. Qc2+ f5 39. Rxd8 Qxd8 40.
Rd1 Rd5 41. Rxd2 Rxd2 42. Qxf5+ Kg8 43. Qe6+ Kh8 44. Ng6+ Kh7 45. Ne7 Qe8 46.
Qe3 g6 47. Qe6 Rd7 48. Nxg6 Qxe6 49. Nf8+ Kg8 50. Nxe6 Rd2 51. a4 Rb2 52. Nd4
c5 53. Ne6 b6 54. a5 Rxb3 55. axb6 axb6 56. Kf1 Kf7 57. Nf4 Rb4 58. Ke2 Rd4 59.
Ke3 b5 60. Nd3 Rd5 61. Ke4 c4 62. Nb4 Rd2 63. f4 c3 64. Ke3 h5 65. Nc6 Rd6 66.
Nb4 h4 67. g4 Kf6 68. Na2 c2 0-1

[Event "Liga CS Istok 2017"]
[Site "Zaječar, Hotel "]
[Date "2017.10.13"]
[Round "7.5"]
[White "Rasic, Jovan*"]
[Black "Rajkovic, Ljubisa"]
[Result "1/2-1/2"]
[WhiteElo "2111"]
[BlackElo "2092"]
[PlyCount "83"]
[EventDate "2017.09.03"]

1. e4 e5 2. Nf3 Nc6 3. Bc4 Bc5 4. b4 Bxb4 5. c3 Bc5 6. d4 exd4 7. O-O d3 8. Ng5
Nh6 9. Bxf7+ Nxf7 10. Nxf7 Kxf7 11. Qh5+ Kf8 12. Qxc5+ d6 13. Qd5 Qf6 14. Qxd3
Ne5 15. Qg3 Nf7 16. f4 Bd7 17. Nd2 Bc6 18. Bb2 Re8 19. Rae1 b6 20. Ba1 Re7 21.
c4 Qg6 22. Qh3 Rg8 23. Qc8+ Be8 24. Qa8 a5 25. Nf3 Qe6 26. e5 dxe5 27. Nxe5
Nxe5 28. fxe5+ Rf7 29. Qd8 h6 30. h4 Rh8 31. h5 Kg8 32. Rxf7 Qxf7 33. e6 Qxh5
34. Re5 Qg6 35. Kh2 Kh7 36. Qxc7 Rf8 37. Re3 Rf5 38. Rg3 Rh5+ 39. Rh3 Rg5 40.
Rg3 Qh5+ 41. Rh3 Qg6 42. Rg3 1/2-1/2

[Event "Liga CS Istok 2017"]
[Site "Zaječar, Hotel "]
[Date "2017.10.13"]
[Round "7.5"]
[White "Todorovic, Zoran D"]
[Black "Milunovic, Sasa"]
[Result "1-0"]
[WhiteElo "2066"]
[BlackElo "1922"]
[PlyCount "103"]
[EventDate "2017.09.03"]

1. d4 d5 2. c4 e6 3. Nf3 Nf6 4. Nc3 c6 5. e3 Ne4 6. Bd3 f5 7. Ne5 Qf6 8. O-O
Nd7 9. f4 h5 10. Be2 Qh6 11. Rf3 Ndf6 12. Rh3 g5 13. Nxe4 fxe4 14. fxg5 Qxg5
15. Rg3 Qf5 16. Bd2 Bd6 17. Rh3 Bxe5 18. dxe5 Qxe5 19. Bc3 Qf5 20. Qf1 e5 21.
Rg3 Qe6 22. Rg5 Nd7 23. cxd5 cxd5 24. Bxh5+ Kd8 25. Qf7 Qh6 26. Qg6 Qxg6 27.
Bxg6 Rg8 28. h4 Nf8 29. h5 Be6 30. Rf1 Kd7 31. Bxe5 Nxg6 32. hxg6 Raf8 33. Rxf8
Rxf8 34. g7 Rc8 35. Kf2 Ke7 36. Kg3 Kf7 37. Kf4 Ke7 38. Bc3 Bg8 39. Ke5 Be6 40.
Rg6 Bg8 41. Rf6 Re8 42. Bb4+ Kd7+ 43. Kd4 Rc8 44. b3 b6 45. Bf8 Rc2 46. g4 Rg2
47. Rf4 Rd2+ 48. Ke5 Re2 49. Bb4 Rxe3 50. Rf8 Be6 51. Re8 Kxe8 52. Kxe6 1-0

[Event "Liga CS Istok 2017"]
[Site "Zaječar, Hotel "]
[Date "2017.10.13"]
[Round "7.5"]
[White "Bulutic, Sasa"]
[Black "Mitic, Dragan"]
[Result "1/2-1/2"]
[WhiteElo "1970"]
[BlackElo "2122"]
[PlyCount "114"]
[EventDate "2017.09.03"]

1. e4 c5 2. Nf3 Nc6 3. Nc3 e6 4. Be2 a6 5. O-O Qc7 6. d4 cxd4 7. Nxd4 h6 8. Be3
b5 9. a3 Bb7 10. Nxc6 Bxc6 11. Qd2 Nf6 12. f3 Be7 13. Rad1 d5 14. exd5 Nxd5 15.
Nxd5 Bxd5 16. Bd3 Bf6 17. c3 Rd8 18. Qf2 Rc8 19. Rfe1 O-O 20. Bb6 Qb7 21. Bd4
Bxd4 22. Qxd4 Rfd8 23. Bc2 Qc7 24. Qd3 g6 25. Qe3 Kg7 26. Qd4+ Kh7 27. Qf6 Rd7
28. Rd4 Qd8 29. Qxd8 Rcxd8 30. Kf2 Kg7 31. f4 Kf6 32. g3 Bc6 33. Rxd7 Rxd7 34.
Rd1 Rxd1 35. Bxd1 e5 36. fxe5+ Kxe5 37. Ke3 f5 38. Be2 g5 39. c4 f4+ 40. gxf4+
gxf4+ 41. Kf2 Kd4 42. cxb5 axb5 43. h4 Ke5 44. Bf3 Be8 45. Ke2 Kd4 46. Kd2 Bd7
47. b3 Be8 48. Bd1 Ke4 49. a4 bxa4 50. bxa4 f3 51. Bc2+ Kf4 52. a5 Bc6 53. h5
Kg3 54. Bd3 Kg2 55. a6 Kf2 56. a7 Bb7 57. Bc4 Bc6 1/2-1/2

[Event "Liga CS Istok 2017"]
[Site "Zaječar, Hotel "]
[Date "2017.10.13"]
[Round "7.5"]
[White "Miljkovic, Milan A"]
[Black "Zivanovic, Milos"]
[Result "1-0"]
[WhiteElo "1899"]
[BlackElo "1738"]
[PlyCount "65"]
[EventDate "2017.09.03"]

1. e4 e6 2. d4 c5 3. Nf3 cxd4 4. Nxd4 Qb6 5. Nb3 Nc6 6. Be3 Qc7 7. a3 b6 8. Nc3
Bb7 9. Qd2 Rd8 10. O-O-O Nf6 11. f3 Be7 12. g4 d5 13. Qf2 dxe4 14. Rxd8+ Nxd8
15. Bb5+ Nc6 16. g5 Nd5 17. Nxd5 exd5 18. fxe4 dxe4 19. Nd4 O-O 20. Nf5 Ne5 21.
Qe2 Nf3 22. Nxe7+ Qxe7 23. h4 Qe5 24. Rd1 Bd5 25. Kb1 Be6 26. Bf2 Bg4 27. Qc4
Bh5 28. Rd5 Qf4 29. Qc3 Nxh4 30. Bg3 Qf3 31. Bxh4 Qh1+ 32. Qe1 Qg2 33. Rd2 1-0

[Event "Liga CS Istok 2017"]
[Site "Zaječar, Hotel "]
[Date "2017.10.13"]
[Round "7.5"]
[White "Rajic, Stefan*"]
[Black "Miljkovic, Slobodan*"]
[Result "0-1"]
[WhiteElo "1800"]
[BlackElo "1842"]
[PlyCount "122"]
[EventDate "2017.09.03"]

1. e4 d5 2. exd5 Qxd5 3. Nc3 Qa5 4. d4 c6 5. Nf3 Nf6 6. Bd2 Bf5 7. Bc4 e6 8.
Qe2 Be7 9. Nd5 Qd8 10. Nxe7 Qxe7 11. a3 a5 12. Bd3 Bg6 13. O-O O-O 14. b4 b6
15. bxa5 bxa5 16. Rfb1 c5 17. Bxg6 hxg6 18. Rb5 cxd4 19. Nxd4 Rd8 20. Nb3 a4
21. Na5 Qd7 22. Bg5 Nc6 23. Nxc6 Qxc6 24. Rbb1 Rac8 25. Rc1 Rd5 26. Bxf6 gxf6
27. Qf3 Qc3 28. Qxc3 Rxc3 29. Kf1 e5 30. Ke2 Rdc5 31. Ra2 f5 32. Kd2 e4 33. Re1
Kg7 34. Re3 R3c4 35. f3 g5 36. c3 Rb5 37. Kc2 Rb3 38. g4 Kf6 39. gxf5 Kxf5 40.
fxe4+ Kf4 41. Kd2 Rxe4 42. Rxe4+ Kxe4 43. Kc2 f5 44. Ra1 f4 45. Re1+ Kf5 46.
Ra1 g4 47. Ra2 Ke4 48. Ra1 f3 49. c4 f2 50. c5 Rxa3 51. Rf1 Kd5 52. Kb2 Rf3 53.
Kc1 a3 54. Kd2 Kxc5 55. Ke2 a2 56. h3 Ra3 57. Ra1 g3 58. Kf1 Kd4 59. Kg2 Kc4
60. h4 Kb3 61. h5 Kb2 0-1